NLSUI OPAC header image

The gitagovinda of Jayadeva : Love song of the dark lord (Record no. 22947)

MARC details
000 -LEADER
fixed length control field 00444nam a2200157Ia 4500
008 - FIXED-LENGTH DATA ELEMENTS--GENERAL INFORMATION
fixed length control field 160316s1977 xxu||||| |||| 00| 0 eng d
082 ## - DEWEY DECIMAL CLASSIFICATION NUMBER
Classification number 891.000000
Item number MIL
100 ## - MAIN ENTRY--PERSONAL NAME
Personal name Miller Barbara Stoler
245 ## - TITLE STATEMENT
Title The gitagovinda of Jayadeva : Love song of the dark lord
250 ## - EDITION STATEMENT
Edition statement
260 ## - PUBLICATION, DISTRIBUTION, ETC.
Place of publication, distribution, etc. Dehra Dun
Name of publisher, distributor, etc. Motilal Banarasidass
Date of publication, distribution, etc. 1977
300 ## - PHYSICAL DESCRIPTION
Extent 225p
Other physical details
Dimensions xix
365 ## - TRADE PRICE
Price amount Rs.195
650 ## - SUBJECT ADDED ENTRY--TOPICAL TERM
Topical term or geographic name entry element 1. Krishna -Hindu Deity - Poetry
700 ## - ADDED ENTRY--PERSONAL NAME
Personal name
--
Holdings
Withdrawn status Lost status Damaged status Not for loan Home library Current library Shelving location Date acquired Cost, normal purchase price Total Checkouts Full call number Barcode Date last seen Date last checked out Price effective from Koha item type
        . .   30.05.2017 195.00 1 891 MIL 20806 29.08.2023 23.08.2023 30.05.2017 BOOKs